Fictional Lawyers Quiz Stats

 Plays Quiz Updated Jul 11, 2019

Score 0/30 Timer 07:00
0 Plays Today
Source Played By % Correct
Legally BlondeReese Witherspoon
91.4%
Liar LiarJim Carrey
80.9%
Ally McBealCalista Flockhart
59.9%
My Cousin VinnyJoe Pesci
59.2%
The FirmTom Cruise
57.9%
PhiladelphiaDenzel Washington
55.7%
Boston LegalWilliam Shatner
55.4%
To Kill a MockingbirdGregory Peck
53.6%
ChicagoRichard Gere
50.4%
MatlockAndy Griffith
44.6%
The Cosby ShowPhylicia Rashād
43%
The Dark KnightAaron Eckhart
34.7%
Will & GraceEric McCormack
34%
Sex and the CityCynthia Nixon
32.9%
The ClientSusan Sarandon
32.2%
Source Played By % Correct
The RainmakerMatt Damon
28.9%
Intolerable CrueltyGeorge Clooney
27.4%
Perry MasonRaymond Burr
26.5%
Law & OrderSam Waterston
24.9%
A Time to KillMatthew McConaughey
22.1%
The PracticeDylan McDermott
22%
Night CourtJohn Larroquette
21.9%
Runaway JuryDustin Hoffman
19.9%
The VerdictPaul Newman
19.3%
L.A. LawCorbin Bernsen
18.7%
And Justice for AllAl Pacino
17.4%
JAGCatherine Bell
16.2%
Inherit the WindSpencer Tracy
11.4%
The ChamberChris O'Donnell
10.9%
In the Name of the FatherEmma Thompson
4.5%

You're not logged in!

Compare scores with friends on all Sporcle quizzes.
OR
Log In

Sporcle TV

Today on Sporcle TV


Watch our educational content, quiz creation guides, and fun videos on Sporcle TV.

Show Comments

Extras

Top Quizzes Today


Score Distribution

Your Account Isn't Verified!

In order to create a playlist on Sporcle, you need to verify the email address you used during registration. Go to your Sporcle Settings to finish the process.

Report this User

Report this user for behavior that violates our Community Guidelines.

Details: